Madilyn Mei - To Exist With You Lyrics - Statistics

General Stats
  • This quiz has been taken 22 times
  • The average score is 209 of 269
Answer Stats
Hint Answer % Correct
do
100%
exist
100%
Chorus I
100%
love
100%
to
100%
with
100%
you
100%
a
91%
Just
91%
know's
91%
knows
91%
lady
91%
mountain
91%
on
91%
smoking
91%
the
91%
Verse 2 The
91%
There's
91%
what
91%
who
91%
don't
82%
Don't
82%
here
82%
of
82%
we
82%
And
73%
are
73%
away
73%
breath
73%
doing
73%
I'd
73%
mouth
73%
road
73%
take
73%
through
73%
two
73%
we're
73%
We're
73%
your
73%
another
64%
anybody
64%
break
64%
breathe
64%
busy
64%
down
64%
family
64%
Far
64%
for
64%
good
64%
hill
64%
Home
64%
home
64%
hopefully
64%
if
64%
I'm
64%
in
64%
lived
64%
long
64%
move
64%
not
64%
Not
64%
place
64%
roll
64%
ruins
64%
rules
64%
scenic
64%
side
64%
sure
64%
time
64%
towns
64%
Chorus Cause
55%
Verse 1 Cloud
55%
cows
55%
door
55%
ever
55%
every
55%
from
55%
get
55%
ghosts
55%
growing
55%
hard
55%
haunting
55%
Hold
55%
It's
55%
knocking
55%
make
55%
once
55%
or
55%
picture
55%
pollution
55%
route
55%
stop
55%
that
55%
think
55%
trespassing
55%
Why
55%
windows
55%
Cell
45%
desert
45%
direction
45%
earth
45%
existent
45%
hurt
45%
is
45%
keeps
45%
makers
45%
me
45%
non
45%
service
45%
shocking
45%
somewhere
45%
Somewhere
45%
Spirits
45%
still
45%
train
45%
tunnel
45%
way
45%
west
45%
worry
45%
boost
36%
But
36%
Give
36%
caboose
27%
distant
27%
into
27%
No matching quizzes found
Score Distribution
Percent of People with Each Score
Percentile by Number Answered
Your Score History
You have not taken this quiz